000 008220000a22002650004500
003 LK-CoMWRAF
005 20231119152651.0
008 230817t1988 ||||| |||| 00| 0 eng d
020 _a0333388097
040 _aLK-CoMWRAF
_dLK-CoMWRAF
_eLK-CoMWRAF
041 _aeng
082 _a362.1
_bDAL
100 _aDalley, Gillian
245 _aIdeologies of caring :
_brethinking community and collectivism
260 _aLondon:
_bMacmillan Education,
_c1988
300 _axiv, 165 p. ; 22 cm.
_bBibliography and index included
490 _aWomen in society
650 _aSocial service--Great Britain
650 _aCaregivers
650 _aCommunity organization
650 _a Older people--Care--Great Britain
650 _aPeople with disabilities--Care
650 _aGreat Britain--Social policy.
942 _cBK
999 _c273
_d273